• 首页
  • 本馆介绍
  • 公告通知
  • 最新文献
  • 馆藏检索
  • 电子资源
  • 读者导购
  • 参考咨询
  • 我的图书馆
  • 登录
  • 详细信息显示
  • 放入我的书架
  • 预约/预借图书
  • 作者相关作品
  • 分类相关作品
  • 丛书相关作品
  • 出版社相关作品

书目信息

  • 表格格式
  • 工作单格式
  • 卡片格式
题名:
电子电路
    
 
作者: 福田务 著
分册:  
出版信息: 北京   科学出版社  2000.01
页数: 221页
开本: 20cm
丛书名: OHM电子电路入门丛书
单 册:
中图分类: TN-51
科图分类:
主题词: 无线电电子学--丛书 , 通信技术--丛书
电子资源:
ISBN: 7-03-008180-3
000 00635nam2 2200229 45
001 0104051087
005 20041223103858.9
010    @a7-03-008180-3@dCNY21.00
100    @a20010405d2000 km y0chiy0120 ea
101 0  @achi
105    @a z 000yy
200 1  @a电子电路@ADian Zi Dian Lu@f(日)福田 务等著@F(Ri)Fu Tian Wu Deng Zhu
210    @a北京@c科学出版社@d2000.01
215    @a221页@d20cm
225    @aOHM电子电路入门丛书
410    @12001 @aOHM电子电路入门丛书
606 0  @a无线电电子学@x丛书
606 0  @a通信技术@x丛书
690    @aTN-51@v1
701  0 @a福田务@4著
801    @aCN@bTSTC@c20010514
905    @dTN-51@e91:1
    
    电子电路/(日)福田 务等著.-北京:科学出版社,2000.01
    221页;20cm.-(OHM电子电路入门丛书)
    
    
    ISBN 7-03-008180-3:CNY21.00
    
●
相关链接 在E读中查询图书 在五车中查询图书 在当当中查询图书 在豆瓣中查询图书


正题名:电子电路     索取号:TN-51/91:1         预约/预借

序号 登录号 条形码 馆藏地/架位号 状态 备注
1 0296315   002963154   第三借阅区/ [索取号:TN-51/91:1] 在馆    
2 0296316   002963163   第三借阅区/ [索取号:TN-51/91:1] 在馆    
3 0296317   002963172   第三借阅区/ [索取号:TN-51/91:1] 在馆    
4 0296318   002963181   第三借阅区/ [索取号:TN-51/91:1] 在馆    
5 0296319   002963190   第三借阅区/ [索取号:TN-51/91:1] 在馆    
6 0296599   002965991   第三借阅区/ [索取号:TN-51/91:1] 在馆    
7 0296600   002966008   第三借阅区/ [索取号:TN-51/91:1] 在馆    
8 0296601   002966017   第三借阅区/ [索取号:TN-51/91:1] 在馆    
9 0296602   002966026   第三借阅区/ [索取号:TN-51/91:1] 在馆    
10 0296603   002966035   第二样本阅览室/ [索取号:TN-51/91:1] 在馆    
唐山师范学院图书馆 欢迎您!
大连网信软件有限公司© 版权所有